Nanowires and nanobelts / (Record no. 51815)

MARC details
000 -LEADER
fixed length control field 01094nam a22003137a 4500
005 - DATE AND TIME OF LATEST TRANSACTION
control field 20110421152937.0
008 - FIXED-LENGTH DATA ELEMENTS--GENERAL INFORMATION
fixed length control field 110421t xxu||||| |||| 00| 0 eng d
010 ## - LCCN (DPL NO)
LC control number ENG-102270
020 ## - INTERNATIONAL STANDARD BOOK NUMBER
International Standard Book Number 9788184503296
Terms of availability 2750.00
035 ## - SYSTEM CONTROL NUMBER
System control number EN-85803
037 ## - SOURCE OF ACQUISITION
Source of stock number/acquisition DBAD / PUB
040 ## - CATALOGING SOURCE
Original cataloging agency dpl
Language of cataloging English
082 ## - DEWEY DECIMAL CLASSIFICATION NUMBER
Classification number 620.5
100 ## - MAIN ENTRY--PERSONAL NAME
9 (RLIN) 27410
Personal name Bhatia, A.S.
110 ## - MAIN ENTRY--CORPORATE NAME
9 (RLIN) 27425
245 ## - TITLE STATEMENT
Title Nanowires and nanobelts /
Statement of responsibility, etc A. S. Bhatia ; foreworded by A. Chawla
260 ## - PUBLICATION, DISTRIBUTION, ETC. (IMPRINT)
Place of publication, distribution, etc New Delhi
Name of publisher, distributor, etc Deep & Deep Publications
Date of publication, distribution, etc 2011
270 ## - ADDRESS
Address F-159, Rajouri Garden
City New Delhi
Postal code 110027
300 ## - PHYSICAL DESCRIPTION
Extent viii, 590 p. :
Dimensions 24cm (Hb)
Other physical details ill.
500 ## - GENERAL NOTE
General note Includes bibliographical references and index
650 ## - SUBJECT ADDED ENTRY--TOPICAL TERM
9 (RLIN) 27411
650 ## - SUBJECT ADDED ENTRY--TOPICAL TERM
9 (RLIN) 27412
650 ## - SUBJECT ADDED ENTRY--TOPICAL TERM
9 (RLIN) 27426
700 ## - ADDED ENTRY--PERSONAL NAME
9 (RLIN) 27415
700 ## - ADDED ENTRY--PERSONAL NAME
9 (RLIN) 27420
942 ## - ADDED ENTRY ELEMENTS (KOHA)
Institution code [OBSOLETE] dpl
Item type English Books
Source of classification or shelving scheme Dewey Decimal Classification
Call number suffix BHA
Classification part 620.5
Holdings
Withdrawn status Lost status Source of classification or shelving scheme Damaged status Not for loan Collection code Home library Current library Date acquired Source of acquisition Cost, normal purchase price Total Checkouts Full call number Barcode Date last seen Copy number Cost, replacement price Koha item type
    Dewey Decimal Classification   Not For Loan Non-fiction D.B.Act.Division D.B.Act.Division 21/04/2011 DBAD/PUB 2750.00   620.5 BHA EN-85803 21/04/2011 1 2750.00 English Books

© Delhi Public Library
Hit Counter
free hit counter